Departamentos de Santa Fe - Estadísticas

Estadísticas generales
  • Esta prueba ha sido intentada 143 veces
  • La puntuación promedio es 11 de 19
Estadísticas de respuestas
? Departamentos % Correcto
12 Rosario
90%
17 San Lorenzo
75%
9 La Capital
69%
19 Vera
69%
11 9 de Julio
65%
18 San Martín
58%
10 Las Colonias
56%
3 Constitución
54%
14 San Javier
54%
5 Belgrano
52%
2 Castellanos
52%
4 Garay
52%
13 San Cristóbal
50%
16 San Justo
50%
7 General Obligado
48%
15 San Jerónimo
46%
8 Iriondo
44%
6 General López
42%
1 Caseros
37%
No se encontraron pruebas coincidentes
Distribución de puntuación
Porcentaje de gente con cada puntuación
Porcentaje por número respondido
Historial de tus puntuaciones
No has intentado esta prueba.